000 00523nam a22001697a 4500
005 20251108165820.0
008 250721s9999 xx 000 0 ara d
082 1 4 _aم/529.75/حسي
100 1 _aحسين الدين، حسين كمال
245 1 0 _aجداول مواقيت الصلاة لجميع بقاع العالم /
264 1 _aالقاهرة :
_bدار الفكر العربي،
_c[19-].
300 _a476ص
650 1 7 _aالتوقيت
650 1 7 _aالتقاويم
942 _2ddc
_cREF
999 _c32013
_d32013